Online katalóg knižníc regiónu Turca

Byť najlepšia (Record no. 22467)

MARC details
000 -LEADER
fixed length control field 01179cam a2200361 a 4500
001 - CONTROL NUMBER
control field 22467
003 - CONTROL NUMBER IDENTIFIER
control field SK-KTurca
005 - DATE AND TIME OF LATEST TRANSACTION
control field 20260328130812.0
008 - FIXED-LENGTH DATA ELEMENTS--GENERAL INFORMATION
fixed length control field 240611s1995 xo e 0000f slo
015 ## - NATIONAL BIBLIOGRAPHY NUMBER
National bibliography number SNBA1995/03
020 ## - INTERNATIONAL STANDARD BOOK NUMBER
International Standard Book Number 8022005835
035 ## - SYSTEM CONTROL NUMBER
System control number SNK000020797
040 ## - CATALOGING SOURCE
Original cataloging agency SNK
Language of cataloging slo
Transcribing agency SNK
Description conventions AACR2
041 1# - LANGUAGE CODE
Language code of text/sound track or separate title slo
Language code of original eng
044 ## - COUNTRY OF PUBLISHING/PRODUCING ENTITY CODE
MARC country code xo
ISO country code SK
072 #7 - SUBJECT CATEGORY CODE
Subject category code 821.111-3
Subject category code subdivision Anglická próza, anglicky písaná
Source konspekt
080 ## - UNIVERSAL DECIMAL CLASSIFICATION NUMBER
Universal Decimal Classification number 821.111-31
Edition identifier 2011
100 1# - MAIN ENTRY--PERSONAL NAME
Personal name Bradford, Barbara Taylor,
Dates associated with a name 1933-2024
Relationship aut
240 10 - UNIFORM TITLE
Uniform title To be the best
Language of a work Slovensky
245 10 - TITLE STATEMENT
Title Byť najlepšia
Statement of responsibility, etc. Barbara Taylor Bradfordová ; preložila Melita Albrechtová
250 ## - EDITION STATEMENT
Edition statement 1. vyd.
260 ## - PUBLICATION, DISTRIBUTION, ETC.
Place of publication, distribution, etc. Bratislava
Name of publisher, distributor, etc. Slovenský spisovateľ
Date of publication, distribution, etc. 1995
Place of manufacture Bratislava
Manufacturer Svornosť
300 ## - PHYSICAL DESCRIPTION
Extent 338 s.
Dimensions 21 cm
655 #7 - INDEX TERM--GENRE/FORM
Genre/form data or focus term anglické romány
Source of term SNKPH
700 1# - ADDED ENTRY--PERSONAL NAME
Personal name Albrechtová, Melita
Titles and other words associated with a name (prekladateľka)
Relationship trl
700 1# - ADDED ENTRY--PERSONAL NAME
Personal name Klimo, Martin,
Dates associated with a name 1954-
Relationship bjd
700 1# - ADDED ENTRY--PERSONAL NAME
Personal name Musil, Bruno
Relationship bjd
787 08 - OTHER RELATIONSHIP ENTRY
Relationship information Zo série:
Title Úspešná žena
Related parts 5
787 08 - OTHER RELATIONSHIP ENTRY
Relationship information Zo série:
Title Woman of substance
Related parts 5
942 ## - ADDED ENTRY ELEMENTS (KOHA)
Source of classification or shelving scheme Dewey Decimal Classification
Koha item type Krásna literatúra pre dospelých
Suppress in OPAC No
Holdings
Stav vyradenia Strata Poškodenie Spôsob nadobudnutia Domovská knižnica Aktuálna knižnica Dátum nadobudnutia Total checkouts Čiarový kód exemplára Date last seen Typ exemplára
      Dar Obecná knižnica Horná Štubňa Obecná knižnica Horná Štubňa 28.03.2026   4736202034 28.03.2026 Krásna literatúra pre dospelých
Projekt je podporený Slovenskou asociáciou knižníc
Prevádzkuje Turčianska knižnica Martin 2026